00626cam a22001932 4500001001100000005001700011008004100028020002600069020002100095040001500116050002000131100004000151245004000191250001200231260008000243300003300323650003800356650003800394000000372720151217151931.0070514s xx 000 0 eng d a052124952X :cKES 690 a0521270952 (pbk) aKABUcKABU 0aQC37b.S68 19851 aSquires, Gordon Leslie.@000015382910aPractical physics /cG. L. Squires. a3rd ed. aCambridge[Cambridgeshire] ;aNew York :bCambridge University Press,c1985. axi, 213 p. :bill. ;c24 cm. 0aPhysicsxExperiments.@0000153830 0aPhysicsxMethodology.@0000153831